Statistics for 20 American Cities Everyone Should Know

Click here to take the quiz!

General Stats

  • This quiz has been taken 202 times
    (147 since last reset)
  • The average score is 18 of 20

Answer Stats

HintCity% Correct
The US capitalWashington D.C.
100%
Home to HollywoodLos Angeles
98%
Often called 'The Big Apple'New York City
98%
The capital of HawaiiHonolulu
96%
Popular beachside destination in FloridaMiami
94%
Famous for the Golden Gate BridgeSan Francisco
94%
City of casinosLas Vegas
93%
Largest city in Washington stateSeattle
93%
"______" we have a problemHouston
91%
Capital of MassachusettsBoston
88%
Capital of ColoradoDenver
88%
Former national capital and biggest city in PennsylvaniaPhiladelphia
88%
Not Tbilisi (wrong Georgia)Atlanta
85%
Largest city on the Great LakesChicago
85%
Where president John F. Kennedy was assassinatedDallas
84%
Also the name of a Greek mythological birdPhoenix
84%
Biggest city in MichiganDetroit
83%
Biggest city in LouisianaNew Orleans
82%
Capital of country musicNashville
78%
Either of the 'Twin Cities'Minneapolis/Saint Paul
69%

Score Distribution

Percentile by Number Answered

Percent of People with Each Score

Your Score History

You have not taken this quiz since the last reset